| 000 | | | 03825nmc2a22000003x 450 |
| 001 | | | 585ec4c6-6d63-4ff9-8990-8e511dfcb414 |
| 005 | | | 20200306134822.0 |
| 100 | ## | $a | 20180911l18631866k l0rusy0189 ca |
| 101 | 0# | $a | rus |
| 102 | ## | $a | RU |
| 200 | 1# | $a | Дело о деньгах, вырученных от продажи имущества, оставшегося после лиц, высланных из Северо-Западного края по бывшему в 1863 году польскому мятежу |
| | $j | 28 октября 1863 г. - 3 ноября 1866 г. |
| 251 | ## | $c | Дело |
| 300 | ## | $a | (Передано из Министерства государственных имуществ под №55/1864 г.) |
| 801 | #0 | $a | RU |
| | $b | РГИА |
| | $c | 20180911 |
| | $g | RCR |
| 801 | #1 | $a | RU |
| | $b | ГлавНИВЦ |
| | $c | 20180911 |
| | $2 | rusmarc |
| 801 | #2 | $a | RU |
| | $b | ПБ им. Б.Н. Ельцина |
| | $c | 20200306 |
| | $g | RCR |
| | $2 | rusmarc |
| 850 | ## | $a | РГИА |
| 852 | ## | $a | РГИА |
| | $e | Федеральное казенное учреждение "Российский государственный исторический архив" (РГИА) |
| | $j | 1223 |
| 937 | ## | $h | РГИА |
| | $d | 12293170 |
| | $a | ASBIBLIO_SCAN |
| 462 | #0 | $1 | 001d8f9f7d4-b5a2-42ce-9901-502471366df6 |
| | $1 | 2001 |
| | $a | Дела Департамента полиции исполнительной МВД за 1866 год |
| | $1 | 251 |
| | $c | Опись |
| | $1 | 852 |
| | $j | 27 |
| | $l | 1866 г. |
| 461 | #0 | $1 | 0013e300ed0-cd39-49af-8489-5ba5b90fa401 |
| | $1 | 2001 |
| | $a | Департамент полиции исполнительной МВД |
| | $1 | 251 |
| | $c | Фонд |
| | $1 | 852 |
| | $j | 1286 |
| 215 | ## | $a | 968 л. |
| | $d | 36,5х26 см |
| 371 | ## | $a | Документ не является опубликованным и широко распространяемым |
| 105 | ## | $a | y### |
| 122 | 2# | $a | d |
| 035 | ## | $a | 585ec4c6-6d63-4ff9-8990-8e511dfcb414 |
| 856 | ## | $u | http://readingroom.main.prlib.ru/item.aspx?id_node=n143242239&mode=full |